Optimalizačné prístupy pri skúmaní ceny v procese zefektívňovania rozvoja socialistickej ekonomiky kandidátska dizertačná práca

Salvato in:
Dettagli Bibliografici
Autore principale: Nemcová, Anna
Ente Autore: Vysoká škola ekonomická v Bratislave. Národohospodárska fakulta
Altri autori: Plichta, Juraj
Natura: Libro
Lingua:slovacco
Pubblicazione: Bratislava 1984
Tags: Aggiungi Tag
Nessun Tag, puoi essere il primo ad aggiungerne!!

MARC

LEADER 00000nam a2200000 4500
001 c034012
005 20221220085354.6
041 0 |a slo 
044 |a SK 
245 1 0 |a Optimalizačné prístupy pri skúmaní ceny v procese zefektívňovania rozvoja socialistickej ekonomiky  |b kandidátska dizertačná práca  |c Anna Nemcová ; Ved. práce Juraj Plichta 
264 1 |a Bratislava  |c 1984 
300 |a 172 s. 
100 1 |a Nemcová, Anna 
700 1 |a Plichta, Juraj 
710 2 |a Vysoká škola ekonomická v Bratislave. Národohospodárska fakulta